000 00376cam a2200157ua 4500
041 _aeng
_h
082 _a823.301
_bHEM/BI
100 _aHumming, Janes.
245 _aBird`s Island /
_cJanes Humming.
_hTextual Documents
250 _a1 /
_b.
260 _aLondon :
_bLongaman Green and Co ,
_c1966.
300 _a48 ; .
504 _a
942 _cBK
999 _c2503
_d2503